Statistics for Countries: Chinese to English

Click here to take the quiz!

General Stats

  • This quiz has been taken 46 times
  • The average score is 16 of 20

Answer Stats

ChineseAnswer% Correct
TaiwanTaiwan
100%
GubaCuba
98%
AgentingArgentina
95%
MadajiasijiaMadagascar
93%
Niu xilanNew Zealand
90%
MoxigeMexico
88%
LaowoLaos
88%
JianadaCanada
86%
Shadi alaboSaudi Arabia
86%
BajisitanPakistan
83%
YindunixiyaIndonesia
81%
YidaliItaly
81%
BolanPoland
79%
NuoweiNorway
79%
MengguMongolia
74%
XibanyaSpain
67%
HasakesitanKazakhstan
67%
RibenJapan
64%
BaxiBrazil
57%
WukelanUkraine
24%

Score Distribution

Percentile by Number Answered

Percent of People with Each Score

Your Score History

You have not taken this quiz